MARC details
| 000 -LEADER |
| fixed length control field |
01448nam a2200385 i 4500 |
| 001 - CONTROL NUMBER |
| control field |
11988640 |
| 003 - CONTROL NUMBER IDENTIFIER |
| control field |
OSt |
| 005 - DATE AND TIME OF LATEST TRANSACTION |
| control field |
20240713102422.0 |
| 008 - FIXED-LENGTH DATA ELEMENTS--GENERAL INFORMATION |
| fixed length control field |
000428s2000 nyu b 000 0 eng |
| 010 ## - LIBRARY OF CONGRESS CONTROL NUMBER |
| LC control number |
00033842 |
| 020 ## - INTERNATIONAL STANDARD BOOK NUMBER |
| International Standard Book Number |
1559391502 |
| 020 ## - INTERNATIONAL STANDARD BOOK NUMBER |
| International Standard Book Number |
9781559391504 |
| 040 ## - CATALOGING SOURCE |
| Original cataloging agency |
DLC |
| Transcribing agency |
DLC |
| Modifying agency |
DLC |
| 041 1# - LANGUAGE CODE |
| Language code of text/sound track or separate title |
eng |
| Language code of original |
tib |
| 050 00 - LIBRARY OF CONGRESS CALL NUMBER |
| Classification number |
BQ4355 |
| Item number |
.S66 2000 |
| 082 00 - DEWEY DECIMAL CLASSIFICATION NUMBER |
| Classification number |
294.3/5 |
| Edition number |
21 |
| 100 0# - MAIN ENTRY--PERSONAL NAME |
| Personal name |
Sonam Rinchen, |
| Dates associated with a name |
1933- |
| 245 14 - TITLE STATEMENT |
| Title |
The Bodhisattva vow / |
| Statement of responsibility, etc. |
by Geshe Sonam Rinchen ; translated and edited by Ruth Sonam. |
| 264 ## - PRODUCTION, PUBLICATION, DISTRIBUTION, MANUFACTURE, AND COPYRIGHT NOTICE |
| Place of production, publication, distribution, manufacture |
Ithaca, N.Y. : |
| Name of producer, publisher, distributor, manufacturer |
Snow Lion Publications, |
| Date of production, publication, distribution, manufacture, or copyright notice |
2000. |
| 300 ## - PHYSICAL DESCRIPTION |
| Extent |
235 pages ; |
| Dimensions |
22 cm. |
| 336 ## - CONTENT TYPE |
| Source |
rdacontent |
| Content type term |
text |
| Content type code |
txt |
| 337 ## - MEDIA TYPE |
| Source |
rdamedia |
| Media type term |
unmediated |
| Media type code |
n |
| 338 ## - CARRIER TYPE |
| Source |
rdacarrier |
| Carrier type term |
volume |
| Carrier type code |
nc |
| 500 ## - GENERAL NOTE |
| General note |
Includes the text of Candragomin's Bodhisattvasaṃvaraviṃśaka in English and Tibetan. |
| 504 ## - BIBLIOGRAPHY, ETC. NOTE |
| Bibliography, etc. note |
Includes bibliographical references (p. [237]). |
| 650 #0 - SUBJECT ADDED ENTRY--TOPICAL TERM |
| Topical term or geographic name entry element |
Vows (Buddhism) |
| 650 #0 - SUBJECT ADDED ENTRY--TOPICAL TERM |
| Topical term or geographic name entry element |
Bodhisattva (The concept) |
| 650 #0 - SUBJECT ADDED ENTRY--TOPICAL TERM |
| Topical term or geographic name entry element |
Compassion |
| General subdivision |
Religious aspects |
| -- |
Buddhism. |
| 650 #0 - SUBJECT ADDED ENTRY--TOPICAL TERM |
| Topical term or geographic name entry element |
Buddhism |
| Form subdivision |
Prayers and devotions. |
| 700 1# - ADDED ENTRY--PERSONAL NAME |
| Personal name |
Sonam, Ruth, |
| Dates associated with a name |
1943- |
| 700 0# - ADDED ENTRY--PERSONAL NAME |
| Personal name |
Candragomin. |
| Title of a work |
Bodhisattvasaṃvaraviṃśaka. |
| Language of a work |
English and Tibetan. |
| 906 ## - LOCAL DATA ELEMENT F, LDF (RLIN) |
| a |
7 |
| b |
cbc |
| c |
orignew |
| d |
1 |
| e |
ocip |
| f |
20 |
| g |
y-gencatlg |
| 942 ## - ADDED ENTRY ELEMENTS (KOHA) |
| Source of classification or shelving scheme |
Lindholme Classification Scheme |
| Koha item type |
Book |
| Suppress in OPAC |
No |